000 00985nam a2200229Ia 4500
003 GCL
005 20240530101922.0
008 140319s9999 xx 000 0 ara d
040 _aGCL /
_cGCL
082 0 4 _a811.052
_bث ك
100 1 _aالثعالبى : ابومنصور عبدالملك بن محمد بن اسماعيل النيسابورى
245 1 0 _aكتاب من غاب عنه المطرب /
_cالثعالبى : ابومنصور عبدالملك بن محمد بن اسماعيل النيسابورى ؛ محقق عبدالمعين الملوحى
260 _a[ دمشق] :
_bطلاس للدراسات والترجمة والنشر ،
_c1987
300 _a213 ص؛
_b24 سم
490 _aمن التراث العربى
_v0
650 0 4 _aالشعر العربى
650 0 4 _aالادب العربى
650 0 4 _aالبلاغة العربية
650 0 4 _aالشعر الغنائى
700 1 _aعبدالمعين الملوحى
_4محقق
942 _2ddc
_cBK
999 _c28706
_d28706